Professionalism in Geomatics (Record no. 67053)

MARC details
000 -LEADER
fixed length control field 01198cam a2200253 4500
001 - CONTROL NUMBER
control field ABS64038
008 - FIXED-LENGTH DATA ELEMENTS--GENERAL INFORMATION
fixed length control field 000000n2001 000 0 eng u
035 ## - SYSTEM CONTROL NUMBER
System control number (Sirsi) u112653
100 ## - MAIN ENTRY--PERSONAL NAME
Personal name Mahoney, R
245 ## - TITLE STATEMENT
Title Professionalism in Geomatics
260 ## - PUBLICATION, DISTRIBUTION, ETC.
Date of publication, distribution, etc. 2001
490 ## - SERIES STATEMENT
Series statement Engineering Surveying Showcase
Volume/sequential designation (1) April 2001, 43(1)
520 ## - SUMMARY, ETC.
Summary, etc. Considers the concept of professionalism when applied to chartered surveyors. Outlines how the RICS maintains professionalism through high educational standards, CPD, ethical standards and compulsory professional indemnity insurance. Highlights geomatics as a dynamic professional discipline which is not easily defined by standards of practice, but suggests that the manipulation of spatial data may alter this in the future. Concludes that it is the responsibility of RICS members to ensure they act in a professional and ethic manner.
590 ## - LOCAL NOTE (RLIN)
Local note ABS
650 ## - SUBJECT ADDED ENTRY--TOPICAL TERM
Topical term or geographic name entry element Geomatics
9 (RLIN) 6242
650 ## - SUBJECT ADDED ENTRY--TOPICAL TERM
Topical term or geographic name entry element PROFESSIONALISM
650 ## - SUBJECT ADDED ENTRY--TOPICAL TERM
Topical term or geographic name entry element SPATIAL DATA
650 ## - SUBJECT ADDED ENTRY--TOPICAL TERM
Topical term or geographic name entry element CODE OF PRACTICE
650 ## - SUBJECT ADDED ENTRY--TOPICAL TERM
Topical term or geographic name entry element RICS
650 ## - SUBJECT ADDED ENTRY--TOPICAL TERM
Topical term or geographic name entry element ABOUT RICS-RICS MEMBERS
650 ## - SUBJECT ADDED ENTRY--TOPICAL TERM
Topical term or geographic name entry element ETHICS
690 ## - LOCAL SUBJECT ADDED ENTRY--TOPICAL TERM (OCLC, RLIN)
Topical term or geographic name as entry element MANAGEMENT-BUSINESS MANAGEMENT-PROFESSIONAL PRACTICE
942 ## - ADDED ENTRY ELEMENTS (KOHA)
Suppress in OPAC 0
Holdings
Withdrawn status Lost status Source of classification or shelving scheme Damaged status Not for loan Home library Current library Shelving location Date acquired Total Checkouts Full call number Barcode Date last seen Copy number Price effective from Koha item type
    Dewey Decimal Classification     London London Journal article 17/05/2001   ABS64038 112653-1001 06/08/2019 1 06/08/2019 Journal article